Airlines that have the A330neo on order (OUTDATED) - Statistics

General Stats
  • This quiz has been taken 25 times
  • The average score is 6 of 20
Answer Stats
Hint Answer % Correct
3 on order Delta Air Lines
75%
13 on order Garuda Indonesia
56%
12 on order Virgin Atlantic
56%
6 on order ITA Airways
50%
30 on order Cathay Pacific
44%
2 on order TAP Air Portugal
44%
5 on order Kuwait Airways
38%
10 on order Saudia
38%
3 on order Condor
31%
3 on order Starlux Airlines
31%
15 on order AirAsia X
25%
7 on order Azul
25%
5 on order Cebu Pacific
25%
8 on order Air Algérie
19%
2 on order Air Côte d'Ivoire
13%
4 on order Middle East Airlines
13%
23 on order Avolon
6%
15 on order CIT Group
6%
15 on order Flynas
6%
20 on order VietJet Air
6%
No matching quizzes found
Score Distribution
Percent of People with Each Score
Percentile by Number Answered
Your Score History
You have not taken this quiz